000 00317nam a22001337a 4500
008 171020b xxu||||| |||| 00| 0 eng d
020 _a9780132437158
041 _aeng
080 _28TH
_a338
100 _a54
101 _aMIS
245 _aINFORMATION SYSTEMS MANAGEMENT IN PRACTICE
_cNURLIN,B.C
942 _2udc
_cBK
999 _c35084
_d35084